[Event "AUTO-OPEN-117"]
[Site "http://www.queenalice.com/game.php?id=21833"]
[Date "2005.7.29"]
[Round "1"]
[White "Tito"]
[Black "cc"]
[Result "1-0"]
[WhiteElo "1323"]
[BlackElo "1449"]

1. e4 Nc6 2. Nc3 Nf6 3. d3 a6 4. Nd5 d6 5. Nxf6+ exf6 6. f4 f5 7. exf5 Bxf5 8.
c3 Qe7+ 9. Qe2 Qxe2+ 10. Bxe2 O-O-O 11. Nf3 h6 12. b3 Re8 13. Nd4 Nxd4 14. cxd4
Bxd3 15. Kd2 Bxe2 16. Re1 d5 17. Rxe2 Bb4+ 18. Kd1 Bc3 19. Bb2 Rxe2 20. Kxe2
Re8+ 21. Kd3 Bxb2 22. Rb1 Ba3 23. b4 Kd7 24. Kc2 Re2+ 25. Kb3 Bxb4 26. Kxb4 Rxa2
27. g4 Rxh2 28. Kc5 b6+ 29. Kxd5 Rg2 30. g5 hxg5 31. fxg5 Rxg5+ 32. Ke4 Ke6 33.
Re1 Rg4+ 34. Kf3+ Kf5 35. Re5+ Kf6 36. Kxg4 1-0

[Event "AUTO-OPEN-117"]
[Site "http://www.queenalice.com/game.php?id=21834"]
[Date "2005.7.29"]
[Round "1"]
[White "cc"]
[Black "Tito"]
[Result "1-0"]
[WhiteElo "1535"]
[BlackElo "1400"]

1. e4 e5 2. Nf3 d6 3. Bc4 Qd7 4. Nc3 Qg4 5. O-O Nf6 6. d3 c6 7. h3 Qg6 8. Ng5 d5
9. exd5 cxd5 10. Bb3 e4 11. dxe4 Nxe4 12. Re1 h6 13. Ngxe4 dxe4 14. Nxe4 Bb4 15.
c3 Ba5 16. Nf6+ Kf8 17. Re8# 1-0

[Event "AUTO-OPEN-117"]
[Site "http://www.queenalice.com/game.php?id=21835"]
[Date "2005.7.29"]
[Round "1"]
[White "Tito"]
[Black "Be0wulf"]
[Result "0-1"]
[WhiteElo "1327"]
[BlackElo "1866"]

1. e4 c5 2. Nc3 d6 3. Qh5 Nf6 4. Qf3 e6 5. g4 h6 6. Qh3 d5 7. exd5 exd5 8. Qe3+
Be7 9. g5 d4 10. Qh3 Bxh3 11. gxf6 Bxf1 12. fxe7 Qxe7+ 13. Kxf1 dxc3 14. dxc3
Nc6 15. Bf4 O-O-O 16. Re1 Qf6 17. Bg3 Rhe8 18. Rxe8 Rxe8 19. f4 Qe6 20. Kg2 Qe4+
21. Nf3 g5 22. fxg5 hxg5 23. Re1 Qxc2+ 24. Kh1 Rxe1+ 25. Nxe1 f5 26. Nxc2 f4 27.
Bf2 b6 28. Ne1 Ne5 29. Kg2 g4 30. h4 Kd7 31. Kh1 Ke6 32. Ng2 Kf5 33. a3 g3 34.
Be1 Kg4 35. Bd2 f3 36. Bf4 f2 37. Ne3+ Kxf4 38. Nf1 Ng6 39. h5 Nh4 0-1

[Event "AUTO-OPEN-117"]
[Site "http://www.queenalice.com/game.php?id=21836"]
[Date "2005.7.29"]
[Round "1"]
[White "Be0wulf"]
[Black "Tito"]
[Result "1-0"]
[WhiteElo "1905"]
[BlackElo "1327"]

1. e4 e5 2. Nf3 Nc6 3. d4 Nf6 4. d5 Nd4 5. Nxe5 Qe7 6. Qxd4 d6 7. Bb5+ c6 8.
dxc6 dxe5 9. cxb7+ Bd7 10. bxa8=Q+ Qd8 11. Qxd8+ Kxd8 12. Qxe5 Bxb5 13. Bf4 Bd7
14. Qc7+ Ke8 15. Nd2 Be7 16. Bd6 Bxd6 17. Qxd6 h5 18. O-O-O Be6 19. f3 Rh6 20.
Nb3 Nd7 21. Qb4 Bxb3 22. Qxb3 Rb6 23. Qa4 Rb7 24. Qc6 1-0

[Event "AUTO-OPEN-117"]
[Site "http://www.queenalice.com/game.php?id=21837"]
[Date "2005.7.29"]
[Round "1"]
[White "Tito"]
[Black "Pegasus"]
[Result "0-1"]
[WhiteElo "1269"]
[BlackElo "1488"]

1. e4 c5 2. Nc3 Nc6 3. Nf3 e5 4. d3 Be7 5. g3 Nf6 6. Nd5 Nd4 7. Nxe5 Nxd5 8.
exd5 d6 9. Nc4 O-O 10. c3 Nf5 11. d4 cxd4 12. cxd4 b5 13. Na3 a6 14. g4 Nh4 15.
Qe2 Re8 0-1

[Event "AUTO-OPEN-117"]
[Site "http://www.queenalice.com/game.php?id=21838"]
[Date "2005.7.29"]
[Round "1"]
[White "Pegasus"]
[Black "Tito"]
[Result "1-0"]
[WhiteElo "1479"]
[BlackElo "1292"]

1. d4 e6 2. c4 Bb4+ 3. Bd2 Bxd2+ 4. Qxd2 Nc6 5. e4 d5 6. cxd5 exd5 7. Nc3 dxe4
8. d5 Ne5 9. Nxe4 Nc4 10. Bxc4 c6 11. Nf3 cxd5 12. Qxd5 Be6 13. Qxd8+ Rxd8 14.
Bb5+ 1-0

[Event "Challenge"]
[Site "http://www.queenalice.com/game.php?id=22171"]
[Date "2005.7.31"]
[Round "-"]
[White "pedrinhoIII"]
[Black "Tito"]
[Result "1-0"]
[WhiteElo "1584"]
[BlackElo "1275"]

1. e4 e5 2. Qh5 g6 3. Qxe5+ Ne7 4. Qxh8 Nec6 5. d3 Qe7 6. Bf4 d6 7. c3 f6 8. Bh6
Ne5 9. Bxf8 Qxf8 10. Qxh7 Qf7 11. Qxf7+ Kxf7 12. Na3 b6 13. f4 Ng4 14. h3 Ne3
15. Nb5 Nc2+ 16. Kd2 Nxa1 17. Nxc7 Bb7 18. Nxa8 Bxa8 19. Be2 Na6 20. Nf3 Nc5 21.
Rxa1 Ne6 22. d4 Nxf4 23. Bc4+ Ke7 24. d5 Nxg2 25. Rg1 Nf4 26. Rg4 Nxh3 27. Rxg6
Nf4 28. Rg8 Bb7 29. Rg7+ Kf8 30. Rxb7 Ng6 31. Rxa7 Ne5 32. Nxe5 dxe5 33. d6 f5
34. exf5 e4 35. d7 Ke7 36. f6+ 1-0

[Event "Challenge"]
[Site "http://www.queenalice.com/game.php?id=22215"]
[Date "2005.8.1"]
[Round "-"]
[White "Tito"]
[Black "jsiebel"]
[Result "0-1"]
[WhiteElo "1219"]
[BlackElo "1321"]

1. e4 e5 2. Qh5 Qf6 3. Nf3 g6 4. Qxe5+ Qxe5 5. Nxe5 f6 6. Ng4 f5 7. Ne5 Nf6 8.
exf5 gxf5 9. d4 d6 10. Nc4 Bg7 11. h3 d5 12. Ne5 O-O 13. b3 Re8 14. Bf4 Nc6 15.
Nc3 Nxd4 16. Rc1 a6 17. g4 fxg4 18. hxg4 Nxg4 0-1

[Event "Challenge"]
[Site "http://www.queenalice.com/game.php?id=22216"]
[Date "2005.8.1"]
[Round "-"]
[White "jsiebel"]
[Black "Tito"]
[Result "1-0"]
[WhiteElo "1307"]
[BlackElo "1251"]

1. e4 e5 2. Nf3 Nc6 3. g3 Nf6 4. Nc3 Ng4 5. h3 Nf6 6. Bc4 Nd4 7. Nxe5 d6 8. Nxf7
Qe7 9. Nxh8 g6 10. Nxg6 Qg7 11. Nxf8 Kxf8 12. O-O Bxh3 13. Kh2 Bxf1 14. Qxf1
Qh6+ 15. Qh3 Ng4+ 16. Kg2 Qxh3+ 17. Kxh3 Nxf2+ 18. Kg2 Nxc2 19. Rb1 1-0

[Event "Challenge"]
[Site "http://www.queenalice.com/game.php?id=22893"]
[Date "2005.8.6"]
[Round "-"]
[White "kligw"]
[Black "Tito"]
[Result "1-0"]
[WhiteElo "1837"]
[BlackElo "1292"]

1. c4 e5 2. Nc3 Qe7 3. Nd5 Qc5 4. d3 Nf6 5. Be3 Qc6 6. Nc3 Nh5 7. Nf3 Nf4 8. g3
Nh5 9. Bg2 d6 10. O-O f6 11. Nxe5 dxe5 12. Bxc6+ Nxc6 13. Nd5 Kd7 14. Qa4 1-0

[Event "Mercosul :-D"]
[Site "http://www.queenalice.com/game.php?id=23010"]
[Date "2005.8.6"]
[Round "-"]
[White "Claumann"]
[Black "Tito"]
[Result "1-0"]
[WhiteElo "1909"]
[BlackElo "1400"]

1. e4 e5 2. Nf3 d6 3. d4 Nf6 4. dxe5 dxe5 5. Qxd8+ Kxd8 6. Nxe5 Ke8 7. Bc4 Be6
8. Bxe6 fxe6 9. f3 Nbd7 10. Nxd7 Kxd7 11. Be3 Rd8 12. Nd2 Ke8 13. O-O-O b6 14.
Nc4 Bc5 15. Bxc5 bxc5 16. Na5 Rd4 17. Nc6 Rd6 18. Nxa7 Ra6 19. Nb5 Nd7 20. Nxc7+
Ke7 21. Nxa6 Ra8 22. Rxd7+ Kxd7 23. Nxc5+ Kc6 24. Nxe6 Rxa2 25. Rd1 g6 26. c4 h5
27. Kc2 Ra4 28. e5 Rxc4+ 29. Kb3 Rh4 30. Rd6+ Kb7 31. Nc5+ Kc7 32. Na6+ Kb7 33.
e6 Rxh2 34. e7 Rxg2 35. e8=Q h4 36. Qb8# 1-0

[Event "Challenge"]
[Site "http://www.queenalice.com/game.php?id=23104"]
[Date "2005.8.8"]
[Round "-"]
[White "Tito"]
[Black "hugom"]
[Result "0-1"]
[WhiteElo "1356"]
[BlackElo "1311"]

1. e4 e5 2. Qh5 Nf6 3. Qxe5+ Be7 4. Qg5 h6 5. Qxg7 Rg8 6. Bc4 Rxg7 7. g3 Nxe4 8.
d3 Bb4+ 9. Nd2 Nc5 10. a3 Qe7+ 11. Ne2 d5 12. Bxd5 Ba5 13. b4 Bxb4 14. axb4 Ncd7
15. Bb2 Rg5 16. h4 Rxd5 17. Ne4 Qxb4+ 18. Bc3 Qe7 0-1

[Event "AUTO-OPEN-119"]
[Site "http://www.queenalice.com/game.php?id=44193"]
[Date "2005.12.19"]
[Round "2"]
[White "erasmus"]
[Black "Tito"]
[Result "0-1"]
[WhiteElo "1631"]
[BlackElo "1345"]

1. e4 e5 2. Nf3 d6 3. d4 exd4 4. Nxd4 c5 5. Nf3 a6 6. Bc4 b5 7. Bxf7+ Kxf7 8.
Qd5+ Be6 9. Qxa8 Qa5+ 10. Nbd2 Nd7 11. O-O Nb6 12. Qb7+ Ne7 0-1

[Event "AUTO-OPEN-119"]
[Site "http://www.queenalice.com/game.php?id=44194"]
[Date "2005.12.19"]
[Round "2"]
[White "Tito"]
[Black "erasmus"]
[Result "1-0"]
[WhiteElo "1372"]
[BlackElo "1604"]

1. e4 e5 2. Qh5 Nc6 3. c3 Nf6 4. Qf3 Bc5 5. b4 Bb6 6. b5 Ne7 7. d3 d5 8. h3 O-O
9. Qg3 dxe4 10. Be2 Nf5 11. Qxe5 exd3 12. g4 dxe2 13. Nxe2 1-0

[Event "AUTO-OPEN-119"]
[Site "http://www.queenalice.com/game.php?id=44199"]
[Date "2005.12.19"]
[Round "2"]
[White "Tito"]
[Black "Rogerio"]
[Result "0-1"]
[WhiteElo "1397"]
[BlackElo "1816"]

1. e4 e5 2. Qh5 Nc6 3. Bc4 Qe7 4. b3 g6 5. Qd1 Nf6 6. Ba3 d6 7. h3 Nxe4 8. d3
Nf6 9. Bb5 Bd7 10. Nf3 Bg7 11. Bxc6 Bxc6 12. O-O Qd7 13. Nc3 O-O-O 14. b4 Nd5
15. Nxd5 Bxd5 16. d4 e4 17. Nh2 Qa4 18. Qc1 Bxd4 19. c3 Bg7 20. Rd1 Bc4 21. Ng4
h5 22. Ne3 Bh6 23. Qb2 Bxe3 24. fxe3 h4 25. Rd4 d5 26. b5 Qxb5 27. Qxb5 Bxb5 28.
Be7 Rd7 29. Bf6 Rh5 30. Kh2 c6 31. a4 Bd3 32. g4 hxg3+ 33. Kxg3 c5 34. Rxd3 exd3
35. Rd1 c4 36. a5 b5 37. axb6 axb6 38. Kg4 Rd6 39. Bd4 f5+ 40. Kg3 b5 41. Rb1
Ra6 42. Rxb5 d2 43. Rb1 Ra2 44. h4 Rc2 45. Rd1 g5 46. Bf6 gxh4+ 47. Bxh4 Rxc3
48. Rxd2 f4+ 49. Kg4 fxe3 50. Re2 Rxh4+ 51. Kxh4 Rd3 52. Kg4 d4 53. Kf3 Rd2 54.
Re1 c3 55. Ke4 c2 56. Kf3 e2 57. Rc1 d3 0-1

[Event "AUTO-OPEN-119"]
[Site "http://www.queenalice.com/game.php?id=44200"]
[Date "2005.12.19"]
[Round "2"]
[White "Rogerio"]
[Black "Tito"]
[Result "1-0"]
[WhiteElo "1753"]
[BlackElo "1345"]

1. e4 e5 2. Nf3 d6 3. d4 Bg4 4. dxe5 Bxf3 5. Qxf3 dxe5 6. Bc4 f6 7. Qb3 Qe7 8.
Nc3 Nd7 9. Qxb7 Rb8 10. Qxc7 Qb4 11. O-O Rb7 12. Qc8+ 1-0